000 00633nam a2200205 i 4500
001 129029
003 ES-MaACL
005 20240513120100.0
007 t|
008 070604s1971 sp ||||1| spa d
080 _a860-221"16"
080 _a860-122"16"
100 1 _aMolina, Tirso de,
_d1579-1648
_9226522
245 1 3 _aEl vergonzoso en palacio /
_cTirso de Molina ; edición, introducción y notas de Francisco Ayala.
260 _aMadrid :
_bCastalia,
_c[1971]
300 _a229 p., 2 lám. ;
_c18 cm.
700 1 _aAyala, Francisco,
_d1906-2009
_924111
852 _aES-MaACL
_jE-8499
_bR.92632
999 _c129029
_d129029